Normal view
MARC view
Entry Personal Name
001 - CONTROL NUMBER
- control field: 12258
003 - CONTROL NUMBER IDENTIFIER
- control field: OSt
005 - DATE AND TIME OF LATEST TRANSACTION
- control field: 20220103113105.0
008 - FIXED-LENGTH DATA ELEMENTS
- fixed length control field: 220103|| aca||aabn | a|a d
040 ## - CATALOGING SOURCE
- Original cataloging agency: OSt
- Transcribing agency: OSt
100 ## - HEADING--PERSONAL NAME
- Personal name: SURYANARAYAN (V): SUDARSEN (V)
670 ## - SOURCE DATA FOUND
- Source citation: Work cat.: (OSt): Between Fear and Hope: Sri Lankan Refugess in Tamil Nadu, 2000.